• 首页
  • 本馆介绍
  • 公告通知
  • 最新文献
  • 馆藏检索
  • 电子资源
  • 读者导购
  • 参考咨询
  • 我的图书馆
  • 登录
  • 详细信息显示
  • 放入我的书架
  • 预约/预借图书
  • 作者相关作品
  • 分类相关作品
  • 丛书相关作品
  • 出版社相关作品

书目信息

  • 表格格式
  • 工作单格式
  • 卡片格式
题名:
信息检索
    
 
作者: 戴建陆 , 张岚 主编 ;李宏宇 , 韩凤伟 编写
分册:  
出版信息: 北京   中国电力出版社  2012
页数: 261页
开本: 26cm
丛书名:
单 册:
中图分类: G254.9
科图分类:
主题词: 信息检索--Xin Xi Jian Suo--高等教育--教材
电子资源:
ISBN: 978-7-5123-2971-3
000 01123nam0 22002891 450
001 350084
005 20161010091729.10
010    @a978-7-5123-2971-3@dCNY29.50
100    @a20120831d2012 em y0chiy50 ea
101 0  @achi
102    @aCN@b110000
105    @ay z 000yy
106    @ar
200 1  @a信息检索@AXin Xi Jian Suo@f戴建陆,张岚主编@g李宏宇,韩凤伟编写
205    @a2版
210    @a北京@c中国电力出版社@d2012
215    @a261页@d26cm
300    @a普通高等教育“十二五”规划教材
330    @a本书阐述了信息检索的基本原理、检索途径和检索方法,介绍了图书馆文献分类与书目检索的相关知识,重点讲述了国内外重要全文数据库资源与互联网信息资源的检索方法与技巧,以中文检索工具为主,兼顾部分外文检索工具,另外对互联网上部分免费开放存取的学术信息资源进行了介绍。
606 0  @a信息检索@AXin Xi Jian Suo@x高等教育@j教材
690    @aG254.9@v5
701  0 @a戴建陆@ADai Jian Lu@4主编
701  0 @a张岚@AZhang Lan@c(信息检索)@4主编
702  0 @a李宏宇@ALi Hong Yu@c(信息学)@4编写
702  0 @a韩凤伟@AHan Feng Wei@c(信息学)@4编写
801  0 @aCN@bTANGWEI@20160803
905    @b0888245-9@dG254.9@e125=2@f5
    
    信息检索/戴建陆,张岚主编/李宏宇,韩凤伟编写 .-2版.-北京:中国电力出版社,2012
    261页;26cm
    普通高等教育“十二五”规划教材
    
    ISBN 978-7-5123-2971-3:CNY29.50
    本书阐述了信息检索的基本原理、检索途径和检索方法,介绍了图书馆文献分类与书目检索的相关知识,重点讲述了国内外重要全文数据库资源与互联网信息资源的检索方法与技巧,以中文检索工具为主,兼顾部分外文检索工具,另外对互联网上部分免费开放存取的学术信息资源进行了介绍。
●
相关链接 在E读中查询图书 在五车中查询图书 在当当中查询图书 在豆瓣中查询图书


正题名:信息检索     索取号:G254.9/125=2         预约/预借

序号 登录号 条形码 馆藏地/架位号 状态 备注
1 0888245   208882459   第一样本阅览室/ [索取号:G254.9/125=2] 在馆    
2 0888246   208882468   第四借阅区/ [索取号:G254.9/125=2] 在馆    
3 0888247   208882477   第四借阅区/ [索取号:G254.9/125=2] 在馆    
4 0888248   208882486   第四借阅区/ [索取号:G254.9/125=2] 在馆    
5 0888249   208882495   第四借阅区/ [索取号:G254.9/125=2] 在馆    
唐山师范学院图书馆 欢迎您!
大连网信软件有限公司© 版权所有